| Tag |
First Indicator |
Second Indicator |
Subfields |
| LEADER |
00000cam a2200000 a 4500 |
| 001 |
in00002783865 |
| 005 |
20150922151607.0 |
| 008 |
121003s2012 sp f 000 0 spa c |
| 010 |
|
|
|a 2012531850
|
| 020 |
|
|
|a 9788490063996
|
| 020 |
|
|
|a 8490063990
|
| 035 |
|
|
|a (OCoLC)ocn809762830
|
| 035 |
|
|
|a (OCoLC)809762830
|
| 040 |
|
|
|a C3L
|b eng
|c C3L
|d DLC
|d OCLCO
|d I5B
|d TEF
|d NDD
|d TXA
|d UtOrBLW
|
| 042 |
|
|
|a lccopycat
|a pcc
|
| 043 |
|
|
|a e-po---
|a e-sp---
|
| 045 |
|
|
|a w1w9
|a x0x4
|a x4x-
|
| 049 |
|
|
|a TXAM
|
| 050 |
0 |
0 |
|a DP203
|b .M295 2012
|
| 082 |
1 |
4 |
|a 946
|2 21
|
| 100 |
1 |
|
|a Martorell, Miguel.
|
| 245 |
1 |
0 |
|a Manual de Historia Política y Social de España, 1808-2011 /
|c Miguel Martorell y Santos Juliá.
|
| 250 |
|
|
|a 1a ed.
|
| 264 |
|
1 |
|a Barcelona :
|b RBA,
|c 2012.
|
| 300 |
|
|
|a 510 pages ;
|c 22 cm.
|
| 336 |
|
|
|a text
|b txt
|2 rdacontent
|
| 337 |
|
|
|a unmediated
|b n
|2 rdamedia
|
| 338 |
|
|
|a volume
|b nc
|2 rdacarrier
|
| 490 |
1 |
|
|a Temas de actualidad. Serie Historia de España
|
| 500 |
|
|
|a University textbook.
|
| 651 |
|
0 |
|a Spain
|x History
|y 19th century.
|
| 651 |
|
0 |
|a Spain
|x History
|y 20th century.
|
| 651 |
|
0 |
|a Spain
|x History
|y 21st century.
|
| 651 |
|
0 |
|a Spain
|x Social conditions
|y 19th century.
|
| 651 |
|
0 |
|a Spain
|x Social conditions
|y 20th century.
|
| 651 |
|
0 |
|a Spain
|x Social conditions
|y 21st century.
|
| 700 |
1 |
|
|a Juliá, Santos,
|d 1940-
|
| 830 |
|
0 |
|a Temas de actualidad.
|p Serie Historia de España.
|
| 948 |
|
|
|a cataloged
|b h
|c 2013/2/26
|d c
|e jolivare
|f 4:02:35 pm
|
| 994 |
|
|
|a C0
|b TXA
|
| 999 |
|
|
|a MARS
|
| 999 |
f |
f |
|s f794f2fe-4a12-3dfe-8caf-15ff355d5cef
|i c4994882-daac-34a5-81e5-a356bd10c198
|t 0
|
| 952 |
f |
f |
|p normal
|a Texas A&M University
|b College Station
|c Sterling C. Evans Library
|d Evans: Library Stacks
|t 0
|e DP203 .M295 2012
|h Library of Congress classification
|i unmediated -- volume
|m A14841691045
|
| 998 |
f |
f |
|a DP203 .M295 2012
|t 0
|l Evans: Library Stacks
|